[Event "Tenkes Kupa"]
[Site "Harkany HUN"]
[Date "2000.11.22"]
[Round "7"]
[White "Farago,I"]
[Black "Parkanyi,A"]
[Result "1-0"]
[WhiteElo "2486"]
[BlackElo "2310"]

1.d4 Nf6 2.c4 c5 3.d5 e6 4.Nc3 exd5 5.cxd5 d6 6.Nf3 g6 7.Nd2 Nbd7 8.e4 Bg7
9.Be2 a6 10.a4 O-O 11.O-O Re8 12.f4 Rb8 13.Kh1 Qc7 14.h3 Nf8 15.a5 N8d7 16.e5 dxe5
17.Nc4 Ra8 18.fxe5 Nxe5 19.Bf4 Nfd7 20.d6 Qd8 21.Nd5 Rb8 22.Ne7+ Rxe7 23.dxe7 Qxe7
24.Qd5 b5 25.axb6 Bb7 26.Qd6 Qh4 27.Ra3 Re8 28.Nxe5 Nxe5 29.Bxa6 Rd8 30.Qc7 Nd3
31.Bxb7 Nf2+ 32.Rxf2 Rd1+ 33.Kh2 Qxf2 34.Ra8+  1-0

[Event "VI Open"]
[Site "Lisbon POR"]
[Date "2000.11.25"]
[Round "8"]
[White "Damaso,R"]
[Black "Bu Xiangzhi"]
[Result "0-1"]
[WhiteElo "2386"]
[BlackElo "2570"]

1.c4 Nf6 2.d4 c5 3.d5 e6 4.Nc3 exd5 5.cxd5 d6 6.Nf3 g6 7.Bf4 Bg7 8.Qa4+ Bd7
9.Qb3 Bc8 10.Qa4+ Kf8 11.e4 a6 12.Be2 Qe7 13.e5 dxe5 14.Nxe5 b5 15.Qd1 Nh5
16.d6 Qe6 17.Bg4 f5 18.Bxh5 Bxe5 19.O-O Bxf4 20.Qf3 Bxd6 21.Qxa8 gxh5 22.Rad1 Kg7
23.Rfe1 Qg6 24.Nd5 Qf7 25.Ne3 Bc7 26.Qf3 Be6 27.Nd5 Bxd5 28.Rxd5 Rf8 29.Rxc5 Bd6
30.Rd5 Qf6 31.Red1 Be7 32.Qxh5 Nc6 33.h3 Ne5 34.Qe2 Ng6 35.Rd7 Rf7 36.b3 f4
37.Qg4 Kh6 38.R7d5 Qc6 39.Rh5+ Kg7 40.Re1 Bf6 41.Rf5 Qc3 42.Re4 Kh8 43.Re8+ Kg7
44.Re4 Rc7 45.Kh2 Qd2 46.Re2 Qd6 47.Qf3 Rc3 48.Qb7+ Ne7 49.Re4 Rc7  0-1

[Event "TCh-SVK"]
[Site "SVK"]
[Date "2000.11.25"]
[Round "3"]
[White "Rachela,M"]
[Black "Tomcik,M"]
[Result "1-0"]
[WhiteElo "2265"]
[BlackElo "2210"]

1.d4 Nf6 2.c4 c5 3.d5 e6 4.Nc3 exd5 5.cxd5 d6 6.Nf3 g6 7.Bg5 Bg7 8.e3 O-O
9.Be2 h6 10.Bh4 Bg4 11.Nd2 Bxe2 12.Qxe2 Qc7 13.O-O a6 14.Nde4 Nxe4 15.Nxe4 f5
16.Nc3 Nd7 17.Bg3 b5 18.Qc2 Nf6 19.Rad1 Rae8 20.Ne2 Nh5 21.h3 Qd7 22.Bh2 Kh7
23.Kh1 Be5 24.f4 Bh8 25.Rf3 Nf6 26.Rg1 Nxd5 27.Qd2 Nf6 28.b3 Qc6 29.Rd1 Re6
30.Bg3 b4 31.Rff1 a5 32.Bf2 Rfe8 33.Rc1 Qb7 34.Rfd1 a4 35.Qd3 axb3 36.axb3 Nd7
37.Rc2 Nf6 38.Ra2 Ne4 39.Bg1 Nc3 40.Nxc3 Bxc3 41.Ra6 Rd8 42.Kh2 h5 43.Bf2 Kg7
44.Qe2 Rd7 45.Qa2 Bf6 46.Qa4 Kf7 47.e4 Rc7 48.exf5 gxf5 49.Rdxd6 Rxd6 50.Rxd6 Qe4
51.Qa6 Bd4 52.Qc4+ Ke7 53.Rxd4 cxd4 54.Qxc7+ Ke6 55.Qc4+ Ke7 56.Qxb4+  1-0

[Event "Open"]
[Site "Mallorca ESP"]
[Date "2000.12.07"]
[Round "6"]
[White "Kolev,At"]
[Black "Suba,M"]
[Result "1/2-1/2"]
[WhiteElo "2582"]
[BlackElo "2487"]

1.d4 Nf6 2.Nf3 e6 3.c4 c5 4.d5 d6 5.Nc3 exd5 6.cxd5 g6 7.e4 Bg7 8.h3 O-O
9.Bd3 b5 10.Bxb5 Nxe4 11.Nxe4 Qa5+ 12.Nfd2 Qxb5 13.Nxd6 Qa6 14.N2c4 Nd7 15.O-O Nb6
16.Nxb6 Qxb6 17.Nxc8 Raxc8 18.Rb1 Rfd8 19.Bf4 Qb7 20.d6 Bf8 21.Qd3 Bxd6 22.Bxd6 Rc6
23.Rfd1 Rcxd6 24.Qxd6 Rxd6 25.Rxd6 Kg7 26.Rd2 Qa6 27.a3 Qc4 28.Re1 h5 29.Rde2 h4
30.Re4 Qb3 31.Rxh4 Qxb2 32.Rc4 Qxa3 33.Rec1 a5 34.Rxc5 a4 35.R5c3 Qb2 36.R3c2 Qb3
37.Re2 Qa3 38.Ree1 Qb2 39.Rb1 Qd2 40.Ra1 Qc3 41.Red1 Qc2 42.Rf1 Qb3 43.f4 Qb4
44.Kh2 Qd4 45.Ra2 Qc4 46.Rff2 Qb3 47.Ra1 Qe3 48.Rf3 Qd4 49.Ra2 Qc4 50.Rff2 Qc1
51.g3 Qe1  1/2-1/2

[Event "Open"]
[Site "Mallorca ESP"]
[Date "2000.12.09"]
[Round "8"]
[White "Baches Garcia,G"]
[Black "Suba,M"]
[Result "1/2-1/2"]
[WhiteElo "2393"]
[BlackElo "2487"]

1.d4 Nf6 2.c4 e6 3.Nf3 c5 4.d5 d6 5.Nc3 exd5 6.cxd5 g6 7.e4 a6 8.h3 b5 9.Bd3 Bg7
10.O-O O-O 11.Bf4 Bb7 12.Re1 Re8 13.a3 Nh5 14.Be3 Nd7 15.Qd2 Rc8 16.Rac1 Qa5
17.Bh6 Ne5 18.Be2 b4 19.Nb1 Nf6 20.Bxg7 Kxg7 21.axb4 Qxb4 22.Qxb4 Nxf3+ 23.Bxf3 cxb4
24.Nd2 a5 25.Nc4 Rxc4 26.Rxc4 Bxd5 27.Rd4 Re5 28.Ra1 Bxe4 29.Bxe4 Nxe4 30.f4 Re7
31.Rxa5 h5 32.h4 Ng3 33.Rxb4 Nf5 34.Rd4 Rb7 35.Rxf5 gxf5 36.Rd1 Rxb2 37.Rxd6 Rb4
38.g3 Rb2 39.Ra6 Rc2 40.Rb6  1/2-1/2

[Event "Open"]
[Site "Zadar CRO"]
[Date "2000.12.17"]
[Round "9"]
[White "Jovanic,O"]
[Black "Kljako,D"]
[Result "1/2-1/2"]
[WhiteElo "2313"]
[BlackElo "2258"]

1.d4 Nf6 2.Nf3 e6 3.c4 c5 4.d5 exd5 5.cxd5 d6 6.Nc3 g6 7.h3 Bg7 8.e4 O-O
9.Bd3 b5 10.O-O b4 11.Na4 Nfd7 12.a3 a5 13.Bf4 Qc7 14.Rc1 Re8 15.axb4 axb4
16.b3 Ba6 17.Re1 Bxd3 18.Qxd3 Na6 19.Re2 Ne5 20.Nxe5 Bxe5 21.Bxe5 Rxe5 22.Nb2 Nb8
23.Nc4 Nd7 24.Nxe5 Nxe5 25.Qd2 Qb6 26.f4 Nd7 27.Kh1 f6 28.Qd3 Ra3 29.Qf3 h5
30.e5 dxe5 31.Rf1 c4 32.fxe5 Rxb3 33.Qf4 f5 34.e6 Nf6 35.Qe5 Ne8 36.Rc1 c3
37.e7 Ra3 38.d6 Qxd6 39.Qxd6 Nxd6 40.e8=Q+ Nxe8 41.Rxe8+ Kf7 42.Re2 Ra5 43.Rb1 Rc5
44.Rc2 Rc4 45.Kg1 Ke6 46.Kf2 Kd5 47.Rd1+ Ke5 48.Rd3 Re4 49.Rdxc3 bxc3 50.Rxc3 Kd5
51.Rg3 Re6 52.h4 Rc6 53.Ra3 Ke5 54.g3 Rc4 55.Kf3 Rg4 56.Ra5+ Kf6 57.Ra6+ Kg7
58.Ra7+ Kh6 59.Rf7  1/2-1/2

[Event "XIII Carlos Torre Open"]
[Site "Merida MEX"]
[Date "2000.12.20"]
[Round "7"]
[White "Escobedo Tinajero,A"]
[Black "Volzhin,A"]
[Result "1/2-1/2"]
[WhiteElo "2381"]
[BlackElo "2556"]

1.d4 Nf6 2.Nf3 e6 3.c4 c5 4.d5 d6 5.Nc3 exd5 6.cxd5 g6 7.e4 a6 8.a4 Bg4 9.Be2 Bxf3
10.Bxf3 Nbd7 11.O-O Bg7 12.Rb1 O-O 13.b4 cxb4 14.Rxb4 Qa5 15.Na2 Nc5 16.Bd2 Rfe8
17.Rxb7 Qd8 18.Rb1 Nfxe4 19.Bxe4 Nxe4 20.Be1 Rb8 21.Nb4 Nc5 22.Nc6 Rxb1 23.Qxb1 Qg5
24.Qd1 Ne4 25.f4 Qf6 26.a5 Qb2 27.f5 Qb5 28.fxg6 hxg6 29.Bh4 Be5 30.Nd8 f5
31.Nc6 Qc5+ 32.Kh1 Qc4 33.Qc1 Qe2 34.Qd1 Qxd1 35.Rxd1 Bf6 36.Be1 Bc3 37.Kg1 Bxe1
38.Rxe1 g5 39.g3 Kg7 40.Kg2 Kf6 41.Re2 g4 42.Re1 Rh8 43.Rd1 Rh7 44.Rb1 Nc3
45.Rb3 Nxd5 46.Rd3 Rc7 47.Nb8 Rc2+ 48.Kg1 Ke5 49.Nxa6 Ke4 50.Ra3 Rc8 51.Ra4+ Ke5
52.Ra1 Ra8 53.Re1+ Kf6 54.Rd1 Rxa6 55.Rxd5 Ke6 56.Rb5 d5 57.Kf2 Kd6 58.Ke3 Kc6
59.Rb8 Rxa5 60.Kd4 Ra2 61.Rh8 Rd2+ 62.Ke5 Rf2 63.Rc8+ Kd7 64.Rc5 Re2+ 65.Kxd5 Rxh2
66.Ke5 Rf2 67.Rc4 Rf3 68.Rd4+ Ke7 69.Ra4  1/2-1/2

[Event "Australian Open"]
[Site "Canberra AUS"]
[Date "2001.01.03"]
[Round "6"]
[White "Sutherland,J"]
[Black "Smerdon,D"]
[Result "0-1"]
[WhiteElo "2056"]
[BlackElo "2315"]

1.d4 e6 2.Nf3 Nf6 3.c4 c5 4.d5 d6 5.Nc3 exd5 6.cxd5 g6 7.e4 a6 8.a4 Bg4 9.Be2 Bxf3
10.Bxf3 Bg7 11.O-O O-O 12.Bf4 Re8 13.Re1 Qc7 14.e5 dxe5 15.Rxe5 Rxe5 16.d6 Qb6
17.Bxe5 Nbd7 18.Nd5 Nxd5 19.Bxg7 Kxg7 20.Qxd5 Qxb2 21.Re1 Rd8 22.g3 b5 23.axb5 axb5
24.Re7 Qf6 25.Be2 c4 26.Qc6 c3 27.Bd1 Nb6 28.Bb3 Rxd6 29.Qb7 Nc4 30.Re4 Na5
31.Qxb5 Nxb3 32.Qxb3 Rd2 33.f4 c2 34.Re1 Qd4+  0-1

[Event "Troll Masters"]
[Site "Gausdal NOR"]
[Date "2001.01.07"]
[Round "3"]
[White "Kvisvik,B"]
[Black "Johansen,Te"]
[Result "0-1"]
[WhiteElo "2131"]
[BlackElo "2210"]

1.d4 Nf6 2.c4 e6 3.Nc3 c5 4.d5 exd5 5.cxd5 d6 6.Nf3 g6 7.e4 Bg7 8.g3 O-O
9.Bg2 b5 10.Nd2 a6 11.O-O Ng4 12.Qc2 f5 13.h3 Ne5 14.f4 Nf7 15.Ne2 Ra7 16.a4 Re7
17.axb5 axb5 18.e5 dxe5 19.Qxc5 e4 20.Qxb5 Bb7 21.Rd1 Qxd5 22.Qxd5 Bxd5 23.Nc3 Be6
24.Nf1 Bb3 25.Re1 Nc6 26.Be3 Rb8 27.Bc5 Rd7 28.Rac1 Nb4 29.Bxb4 Rxb4 30.Re2 Bc4
31.Rd2 Rxd2 32.Nxd2 Bd3 33.b3 Bd4+ 34.Kh2 Be3 35.Nd5 Bxd2 36.Rc8+ Kg7 37.Nxb4 Bxb4
38.Rd8 Kf6 39.g4 Nd6 40.g5+ Kf7 41.Rb8 Bd2 42.Kg3 e3 43.Bd5+ Ke7 44.Bf3 e2
45.Bxe2 Bxe2  0-1

[Event "TCh-SVK"]
[Site "SVK"]
[Date "2001.01.28"]
[Round "7"]
[White "Kaniansky,M"]
[Black "Tomcik,M"]
[Result "1-0"]
[WhiteElo "2189"]
[BlackElo "2210"]

1.d4 Nf6 2.Nf3 c5 3.d5 e6 4.c4 exd5 5.cxd5 d6 6.Nc3 g6 7.Bg5 Bg7 8.Nd2 h6
9.Bh4 a6 10.a4 g5 11.Bg3 Nh5 12.Nc4 Nxg3 13.hxg3 Bf5 14.a5 Qc7 15.Nb6 Ra7
16.Qa4+ Kd8 17.e4 Re8 18.f3 Nd7 19.O-O-O Bxe4 20.Nxd7 Bxf3 21.gxf3 Qxd7 22.Qxd7+ Kxd7
23.Na4 Kc7 24.Nb6 Re3 25.Bd3 Be5 26.Rxh6 Rxf3 27.Rf1 Rxf1+ 28.Bxf1 Kd8 29.g4 Ke8
30.Kc2 Kf8 31.Rh5 Bf6 32.Bd3 Kg8 33.Rh1 Bd8 34.Re1 Kf8 35.Rf1 Kg8 36.Rf5 f6
37.Rf3 Kg7 38.Re3 Bxb6 39.axb6 Ra8 40.Re7+ Kf8 41.Rxb7  1-0

[Event "TCh-FRA"]
[Site "Monaco FRA"]
[Date "2001.02.04"]
[Round "3"]
[White "Coutton,S"]
[Black "Miralles,G"]
[Result "0-1"]
[WhiteElo "2173"]
[BlackElo "2473"]

1.d4 Nf6 2.c4 e6 3.Nc3 c5 4.d5 exd5 5.cxd5 d6 6.Nf3 g6 7.Bf4 Bg7 8.Qa4+ Bd7
9.Qb3 Qc7 10.e4 O-O 11.Nd2 Nh5 12.Be3 f5 13.exf5 gxf5 14.Be2 f4 15.Bxc5 Na6
16.Ba3 Rae8 17.Nce4 Nf6 18.Nxd6 Rxe2+ 19.Kxe2 Nc5 20.Rac1 Qxd6 21.Bxc5 Qa6+
22.Rc4 Rc8 23.Ke1 Bb5 24.d6 Bxc4 25.Nxc4 Kh8 26.d7 Qe6+ 27.Ne3  0-1

[Event "Open"]
[Site "Coria del Rio ESP"]
[Date "2001.02.16"]
[Round "3"]
[White "Martin Vazquez,J"]
[Black "Komljenovic,D"]
[Result "0-1"]
[WhiteElo "2193"]
[BlackElo "2512"]

1.d4 Nf6 2.Nf3 e6 3.c4 c5 4.d5 exd5 5.cxd5 d6 6.Nc3 g6 7.e4 Bg7 8.h3 O-O
9.Bd3 b5 10.Nxb5 Nxe4 11.Bxe4 Re8 12.O-O Rxe4 13.Nc3 Re8 14.Bg5 f6 15.Be3 Nd7
16.Qd2 g5 17.Qc2 Nf8 18.Rfe1 Bd7 19.Bd2 Rb8 20.Rad1 Ng6 21.Bc1 Rxe1+ 22.Rxe1 Ne7
23.Qe2 Nf5 24.Nd2 Nd4 25.Qd3 f5 26.Nc4 Qf6 27.f4 g4 28.hxg4 fxg4 29.Ne4 Qg6
30.Ncxd6 Nf3+ 31.Kf1 Nxe1 32.Kxe1 Rb6 33.f5 Bxf5 34.Nxf5 Qxf5 35.Nxc5 Qxd3
36.Nxd3 Rb5 37.Nf4 Be5 38.b3 Bxf4 39.Bxf4 Rxd5 40.Kf2 Kf7 41.Kg3 h5 42.b4 Rd3+
43.Kh4 Kg6  0-1

[Event "IV Open"]
[Site "Malaga ESP"]
[Date "2001.03.01"]
[Round "7"]
[White "Bellon Lopez,JM"]
[Black "Suba,M"]
[Result "0-1"]
[WhiteElo "2430"]
[BlackElo "2532"]

1.d4 Nf6 2.c4 e6 3.Nf3 c5 4.d5 d6 5.Nc3 exd5 6.cxd5 g6 7.h3 a6 8.a4 Qe7 9.Bg5 Nbd7
10.e3 h6 11.Bh4 Bg7 12.Bd3 O-O 13.O-O Rb8 14.Qc2 Re8 15.Rfe1 Qf8 16.Nd2 Ne5
17.Bf1 g5 18.Bg3 Nh5 19.Bh2 f5 20.Be2 Nf6 21.f4 gxf4 22.exf4 Ng6 23.g4 Bd7
24.g5 hxg5 25.fxg5 Nh7 26.Bh5 Nxg5 27.Bxg6 Rxe1+ 28.Rxe1 Qf6 29.Bh5 Nxh3+
30.Kg2 Qg5+ 31.Kxh3 f4+ 32.Re6 Qxh5+ 33.Kg2 Qg4+ 34.Kh1 Bxe6 35.dxe6 Re8
36.Nde4 Rxe6 37.Qb3  0-1

[Event "Open"]
[Site "Cappelle la Grande FRA"]
[Date "2001.03.02"]
[Round "8"]
[White "Kuzmin,A"]
[Black "Li Shilong"]
[Result "0-1"]
[WhiteElo "2588"]
[BlackElo "2474"]

1.d4 Nf6 2.c4 e6 3.Nf3 c5 4.d5 exd5 5.cxd5 d6 6.Nc3 g6 7.Nd2 Nbd7 8.e4 Bg7
9.Be2 O-O 10.O-O Re8 11.f4 c4 12.a4 Nc5 13.Bf3 Bh6 14.e5 dxe5 15.fxe5 Bxd2
16.Bxd2 Rxe5 17.Bf4 Rf5 18.Be3 Qe7 19.Bd4 Nb3 20.Rb1 Bd7 21.Bf2 Qb4 22.Re1 Rd8
23.g4 Rf4 24.Be3 Rxg4+ 25.Bxg4 Bxg4 26.Qc2 Nxd5 27.Rbd1 Bxd1 28.Rxd1 Qa5
29.Bg5 f6 30.Qe4 Qb6+ 31.Kg2 Nxc3 32.Qxc4+ Kg7 33.Bxf6+ Qxf6 34.Qc7+ Kh6
35.Qxd8 Qc6+ 36.Kg3 Nxd1  0-1

[Event "Belgian Interteams 2000-1"]
[Site "BEL"]
[Date "2001.03.11"]
[Round "10"]
[White "Mohandesi,S"]
[Black "Lemmers,O"]
[Result "0-1"]
[WhiteElo "2299"]
[BlackElo "2400"]

1.d4 c5 2.d5 Nf6 3.Nf3 d6 4.c4 e6 5.Nc3 exd5 6.cxd5 g6 7.e4 a6 8.a4 Bg4 9.Be2 Bxf3
10.Bxf3 Nbd7 11.Bf4 Qe7 12.O-O Bg7 13.Re1 O-O 14.h3 Ne8 15.Qc2 Nc7 16.Be2 Rab8
17.a5 Bd4 18.Bf1 Rfe8 19.Qd2 b5 20.axb6 Rxb6 21.Bg5 Qe5 22.Bf4 Qf6 23.Na4 Rb4
24.Re2 h5 25.Bg5 Qg7 26.Ra2 Nb5 27.Qd1 Bf6 28.Bxf6 Nxf6 29.f3 g5 30.e5 dxe5
31.Nxc5 g4 32.fxg4 hxg4 33.Nd3 Rd4 34.Qc2 Rxd5 35.Rf2 gxh3 36.Rxa6 Ng4 37.Qc6 Red8  0-1

[Event "Czech Extra League 2000-1"]
[Site "CZE"]
[Date "2001.03.18"]
[Round "9"]
[White "Jedlicka,A"]
[Black "Simacek,P"]
[Result "0-1"]
[WhiteElo "2288"]
[BlackElo "2390"]

1.d4 Nf6 2.c4 c5 3.d5 e6 4.Nc3 exd5 5.cxd5 d6 6.Nf3 g6 7.e4 Bg7 8.h3 O-O
9.Bd3 Na6 10.O-O Nc7 11.a4 a6 12.Re1 Rb8 13.a5 b5 14.axb6 Rxb6 15.Nd2 Nb5
16.Nc4 Rb8 17.Bg5 Qc7 18.Bf1 Ne8 19.e5 dxe5 20.Nxb5 axb5 21.d6 Qc6 22.Na5 Qd7
23.Be7 c4 24.Qd5 Rb6 25.Qc5 Ra6 26.b4 Nxd6 27.Bxf8 Bxf8 28.Rad1 f6 29.g3 Qe8
30.Bg2 Nf7 31.Qc7 Bd6 32.Bc6 Bxc7 33.Bxe8 Nd6 34.Rxd6 Rxd6 35.Bxb5 c3 36.Rc1 Bxh3
37.Rxc3 Bxa5 38.bxa5 Bf5 39.a6 Rd1+ 40.Kh2 Ra1 41.Rc4 Ra5 42.Rb4 Kg7 43.Bc4 Kh6
44.Rb2 Ra4 45.Bb5 Ra1 46.f3 Bc8  0-1

[Event "17th Spring Festival"]
[Site "Budapest HUN"]
[Date "2001.03.20"]
[Round "5"]
[White "Fordan,T"]
[Black "Bokros,I"]
[Result "1/2-1/2"]
[WhiteElo "2286"]
[BlackElo "2111"]

1.d4 Nf6 2.c4 e6 3.Nc3 c5 4.d5 exd5 5.cxd5 d6 6.Nf3 g6 7.Bf4 Bg7 8.Qa4+ Bd7
9.Qb3 Qc7 10.e4 O-O 11.Be2 a6 12.a4 Bg4 13.h3 Bxf3 14.Bxf3 Re8 15.O-O Nbd7
16.Rfe1 Ne5 17.Be2 h6 18.Rad1 g5 19.Bg3 Ng6 20.Qc2 Nd7 21.Bh5 Nde5 22.Rd2 Nf4
23.Bxf4 gxf4 24.Ne2 f3 25.Bxf3 Nxf3+ 26.gxf3 Qe7 27.Ng3 Be5 28.Nf5 Qg5+ 29.Kf1 Qh5
30.Ke2 Bh2 31.Ne3 f5 32.Rh1 Bf4 33.exf5 Re5 34.Rg1+ Kf7 35.Rg6 Bxe3 36.fxe3 Rxf5
37.Rg3 Rg8 38.Rg4 Rgg5 39.Qe4 Re5 40.Qh7+ Ke8 41.Qxb7 Qxh3 42.Qc6+ Ke7 43.Qc7+ Ke8
44.Qc6+ Ke7 45.Qc7+ Ke8 46.Qc6+ Ke7 47.Qc7+  1/2-1/2

[Event "TCh-CHN Men"]
[Site "Suzhou, Jiangsu CHN"]
[Date "2001.03.30"]
[Round "5"]
[White "Cheng Xinkai"]
[Black "Wu Kaiyu"]
[Result "1/2-1/2"]
[WhiteElo "2282"]
[BlackElo "2287"]

1.d4 c5 2.d5 e6 3.c4 exd5 4.cxd5 d6 5.Nc3 Nf6 6.Nf3 g6 7.Bf4 a6 8.a4 Bg7
9.e4 O-O 10.Nd2 Re8 11.Be2 Qc7 12.O-O Nbd7 13.Qc2 Ne5 14.h3 Rb8 15.a5 Nfd7
16.Be3 f6 17.f4 Nf7 18.Nc4 b5 19.axb6 Nxb6 20.Nxb6 Rxb6 21.Bf2 f5 22.Na4 Rb4
23.e5 dxe5 24.Qxc5 Qb8 25.Nb6 Bf8 26.Qc6 Bb7 27.Qc3 Qd8 28.Nc4 Qxd5 29.Ne3 Qc5
30.fxe5 Qxe5 31.Bxa6 Bxa6 32.Rxa6 Rxb2 33.Qxe5 Nxe5 34.Nd5 Bg7 35.Rd1 Nf7
36.Ra7 Rbe2 37.Bc5 Ne5 38.Kf1 Rc2 39.Be7 Rc6 40.Ba3 Rc2 41.Be7 Rc6  1/2-1/2

[Event "Israel Open Ch"]
[Site "Tel Aviv ISR"]
[Date "2001.04.10"]
[Round "2"]
[White "Khenkin,I"]
[Black "Bar,R"]
[Result "1/2-1/2"]
[WhiteElo "2609"]
[BlackElo "2381"]

1.d4 Nf6 2.c4 e6 3.Nf3 c5 4.d5 exd5 5.cxd5 d6 6.Nc3 g6 7.e4 Bg7 8.h3 O-O
9.Bd3 b5 10.a3 b4 11.axb4 cxb4 12.Ne2 Re8 13.Ng3 a5 14.O-O Ba6 15.Nd4 Bxd3
16.Qxd3 Nbd7 17.Nc6 Nc5 18.Qb5 Qc7 19.f3 Nfd7 20.Rxa5 Rxa5 21.Qxa5 Qxa5 22.Nxa5 Nd3
23.Nc4 Rc8 24.b3 Nxc1 25.Rxc1 Nb6 26.Rb1 Nxc4 27.bxc4 Bd4+ 28.Kf1 Rxc4 29.Ne2 Be3
30.Ke1 h5 31.Rb3 Bh6 32.g4 hxg4 33.hxg4 Kf8 34.Kd1 Ke7 35.Rb2 Kf6 36.Rc2 Rxc2
37.Kxc2 Ke5 38.Kb3 Bd2 39.Kc4 f5 40.exf5 gxf5 41.Nd4 fxg4 42.fxg4 Bc3 43.Ne6 Bd2
44.Nd8 Kf4 45.Nf7 Kxg4 46.Nxd6 Bf4 47.Nc8 Kf5 48.Kxb4 Kf6 49.Kc5 Kf7 50.Kc6 Ke8
51.Nd6+ Ke7 52.Nf5+ Kd8 53.Nd4  1/2-1/2

[Event "FSGM April"]
[Site "Budapest HUN"]
[Date "2001.04.16"]
[Round "10"]
[White "Lukacs,P"]
[Black "Barczay,L"]
[Result "1/2-1/2"]
[WhiteElo "2458"]
[BlackElo "2391"]

1.d4 Nf6 2.c4 e6 3.Nf3 c5 4.d5 exd5 5.cxd5 d6 6.Nc3 g6 7.Nd2 Bg7 8.e4 O-O
9.Be2 Re8 10.O-O Na6 11.f3 Nc7 12.a4 b6 13.Kh1 Nh5 14.f4 Ba6 15.Bxa6 Nxa6
16.Nf3 Nb4 17.f5 Qd7 18.Ng5  1/2-1/2

[Event "Tch-NED"]
[Site "NED"]
[Date "2001.04.22"]
[Round "9"]
[White "Piket,Je"]
[Black "Van Haastert,E"]
[Result "1-0"]
[WhiteElo "2632"]
[BlackElo "2414"]

1.d4 Nf6 2.c4 c5 3.d5 e6 4.Nf3 d6 5.Nc3 exd5 6.cxd5 g6 7.h3 Bg7 8.e4 O-O
9.Bd3 Nbd7 10.Bf4 Re8 11.O-O c4 12.Bc2 Nc5 13.Re1 b5 14.a3 Qb6 15.e5 dxe5
16.Nxe5 Bb7 17.Qf3 b4 18.Nxc4 Qa6 19.axb4 Qxc4 20.bxc5 Qxc5 21.Rxe8+ Rxe8
22.Ba4 Rc8 23.Rd1 h6 24.Bxh6 Nxd5 25.Nxd5 Bxh6 26.Nf6+ Kg7 27.Qxb7 Kxf6 28.Rd7 Qc1+
29.Bd1 Rf8 30.g3 Bd2  1-0

[Event "Masters"]
[Site "Besancon FRA"]
[Date "2001.04.24"]
[Round "4"]
[White "Renaze,L"]
[Black "Neiman,E"]
[Result "1-0"]
[WhiteElo "2293"]
[BlackElo "2318"]

1.d4 Nf6 2.c4 e6 3.Nf3 c5 4.d5 exd5 5.cxd5 d6 6.Nc3 g6 7.e4 Bg7 8.Bg5 O-O
9.Nd2 Nbd7 10.Be2 a6 11.a4 Re8 12.O-O Rb8 13.f4 Qc7 14.Kh1 c4 15.e5 dxe5
16.fxe5 Rxe5 17.Bf4 b5 18.axb5 axb5 19.Nf3 Ne8 20.Nxe5 Bxe5 21.Bxe5 Qxe5
22.Bxc4 Nd6 23.Re1 Qg5 24.Bxb5 Nf6 25.Qc1 Qh4 26.Rf1 Bf5 27.Be2 Rb4 28.Bf3 Bd3
29.Rd1 Rd4 30.Qe3 Nf5 31.Qe1 Qh6 32.Ra4 Rxa4 33.Nxa4 Bc2 34.Ra1 Qf4 35.Nc3 g5
36.Qc1 Ne3 37.Ne2 Qe5 38.Ra3 Nc4 39.Qxc2 Nxa3 40.bxa3 g4 41.Bxg4 Qe3 42.Bf3  1-0

[Event "4th Open"]
[Site "Tanta City EGY"]
[Date "2001.04.25"]
[Round "7"]
[White "Surjadnji,A"]
[Black "Szieberth,A"]
[Result "1-0"]
[WhiteElo "2431"]
[BlackElo "2389"]

1.d4 Nf6 2.c4 c5 3.d5 e6 4.Nc3 exd5 5.cxd5 d6 6.Nf3 g6 7.Nd2 Bg7 8.e4 O-O
9.Be2 Na6 10.O-O Nc7 11.Kh1 a6 12.a4 Rb8 13.a5 b5 14.axb6 Rxb6 15.Nc4 Rb4
16.Bf4 Nfe8 17.Qd2 Qe7 18.Rfe1 Bd7 19.f3 Bd4 20.Bh6 Ng7 21.Qf4 Nb5 22.Nxb5 axb5
23.Qxd6 Qxd6 24.Nxd6 Rxb2 25.Rab1 c4 26.Rxb2 Bxb2 27.Rb1 Ra8 28.Kg1 Be5 29.Nxb5 Bxb5
30.Rxb5 Bd4+ 31.Kf1 Ra1+ 32.Bd1 f5 33.Rb8+ Kf7 34.Rb7+ Kg8 35.Ke1 fxe4 36.fxe4 Ne8
37.Re7 Nd6 38.Ke2 Nb5 39.Bc2 Bf6 40.Re8+ Kf7 41.Rf8+ Ke7 42.d6+ Ke6 43.d7 Nd4+
44.Kd2 Kxd7 45.Rxf6 Ra2 46.Kc3 Nxc2 47.Rf2 Ra3+ 48.Kxc4 Ne3+ 49.Bxe3 Rxe3
50.Kd4 Ra3 51.Rf7+ Ke6 52.Rxh7 Ra4+ 53.Ke3 Ke5 54.Re7+ Kf6 55.Rd7 Ke5 56.Rd5+ Ke6
57.h4  1-0

[Event "Bank Pocztowy Open A"]
[Site "Bydgoszcz POL"]
[Date "2001.05.03"]
[Round "6"]
[White "Bogdanov,Val"]
[Black "Bakalarz,L"]
[Result "1-0"]
[WhiteElo "2413"]
[BlackElo "2238"]

1.d4 Nf6 2.c4 c5 3.d5 e6 4.Nc3 exd5 5.cxd5 d6 6.Nf3 g6 7.Bf4 a6 8.a4 Nbd7
9.h3 Qe7 10.Nd2 Ne5 11.e4 Nh5 12.Be3 f5 13.exf5 Bh6 14.f6 Nxf6 15.Qe2 Bg7
16.f4 Ned7 17.Bf2 Nb6 18.Nc4 Qxe2+ 19.Bxe2 Nxc4 20.Bxc4 O-O 21.O-O Nh5 22.Bh4 Rxf4
23.Rxf4 Nxf4 24.Rf1 Be5 25.Bg5 Nh5 26.g4 Ng7 27.Ne4 b5 28.axb5 axb5 29.Bxb5 Ba6
30.Bxa6 Rxa6 31.Be7 h6 32.Rf8+ Kh7 33.Bf6 g5 34.Bxe5 dxe5 35.d6 Ne6 36.d7 Ra1+
37.Kf2 Rd1 38.Re8 Kg7 39.Rxe6 Rxd7 40.Rxe5 Rb7 41.Rxc5 Rxb2+  1-0

[Event "ch-LTU"]
[Site "Kaunas LTU"]
[Date "2001.05.10"]
[Round "1"]
[White "Krivousas,T"]
[Black "Piesina,G"]
[Result "0-1"]
[WhiteElo "2131"]
[BlackElo "2389"]

1.d4 Nf6 2.c4 e6 3.Nf3 c5 4.d5 exd5 5.cxd5 d6 6.Nc3 g6 7.e4 Bg7 8.Be2 O-O
9.O-O Bg4 10.Bf4 Qe7 11.Nd2 Bxe2 12.Qxe2 Nh5 13.Be3 Nd7 14.a4 a6 15.a5 Rfb8
16.Ra3 Nhf6 17.Bf4 Nh5 18.Be3 Nhf6 19.Bg5 h6 20.Bh4 Qf8 21.Rfa1 Re8 22.Rb3 Rab8
23.Nc4 Nxe4 24.Nxe4 f5 25.Re3 fxe4 26.Rxe4 Rxe4 27.Qxe4 Re8 28.Qxg6 Ne5 29.Nxe5 Rxe5
30.Rd1 Qe8 31.Qxe8+ Rxe8 32.Bg3 Bxb2 33.Bxd6 c4 34.Bf4 c3 35.d6 c2 36.Rf1 Re4
37.d7 Bf6 38.Bxh6 Rd4 39.Re1 Rxd7 40.Kf1 Bb2 41.Re8+ Kh7 42.Rc8 Kxh6 43.Rxc2 Be5
44.Rc5 Bd4 45.Rc4 Kg5 46.g3 Kf5 47.Ke2 Ke4 48.h4 Re7 49.Rc2 Re5 50.Rc7 Rxa5
51.f3+ Kd5 52.Rxb7 Ra2+ 53.Kd1 Kc4 54.g4 Kd3 55.Rb3+ Bc3 56.Kc1 Rh2  0-1

[Event "TCh-RUS"]
[Site "Tomsk RUS"]
[Date "2001.05.16"]
[Round "4"]
[White "Ionov,S"]
[Black "Nizamov,I"]
[Result "1-0"]
[WhiteElo "2505"]
[BlackElo "2405"]

1.d4 Nf6 2.c4 e6 3.Nf3 c5 4.d5 exd5 5.cxd5 d6 6.Nc3 g6 7.Nd2 Nbd7 8.e4 Bg7
9.Be2 O-O 10.O-O Re8 11.a4 a6 12.Qc2 Rb8 13.Ra3 Qc7 14.a5 b5 15.axb6 Nxb6
16.Bxa6 Bxa6 17.Rxa6 c4 18.Ndb1 Qb7 19.Ra5 Nbd7 20.Na3 Nc5 21.Rb5 Qa6 22.Nxc4 Rxb5
23.Nxb5 Qxb5 24.Nxd6 Qd3 25.Qxd3 Nxd3 26.Nxe8 Nxe8 27.Rd1 Nc5 28.d6 Nd7 29.b4 Bc3
30.b5 f6 31.b6 Kf7 32.b7 Ke6 33.Bf4 g5 34.Bg3 Be5 35.Bxe5 fxe5 36.Rb1 Nb8
37.Rc1 Nxd6 38.Rc8 Nxb7 39.Rxb8 Nd6 40.Rb6 Kd7 41.f3  1-0

[Event "TCh-YUG"]
[Site "Herceg Novi YUG"]
[Date "2001.05.19"]
[Round "6"]
[White "Nikcevic,N"]
[Black "Hracek,Z"]
[Result "1/2-1/2"]
[WhiteElo "2476"]
[BlackElo "2603"]

1.d4 Nf6 2.c4 e6 3.Nf3 c5 4.d5 exd5 5.cxd5 d6 6.Nc3 g6 7.e4 a6 8.a4 Bg4 9.Be2 Bxf3
10.Bxf3 Nbd7 11.O-O Bg7 12.Bf4 Qe7 13.Re1 Rb8 14.a5 O-O 15.Na4 Ne8 16.Bg4 Ne5
17.Be2 Nf6 18.Bf1 Rfe8 19.Bd2 Ned7 20.Bc3 h5 21.f3 h4 22.Qd2 Nh5 23.Bxg7 Kxg7
24.Ra3 Qf6 25.Rb3 Ne5 26.Ree3 Qg5 27.Qf2 Nf4 28.Kh1 c4 29.Rbc3 Ned3 30.Qd2 Ne5
31.Nb6 Nh5 32.Nxc4 Nxc4 33.Bxc4 Rec8 34.Bf1 Rxc3 35.Qxc3+ Kh7 36.Re1 Qe7
37.Qb4 Qe5 38.Qc3 Qg5 39.Qb4 Qe5 40.Qc3  1/2-1/2

[Event "Open"]
[Site "Pula CRO"]
[Date "2001.05.19"]
[Round "2"]
[White "Zufic,Z"]
[Black "Cebalo,M"]
[Result "1/2-1/2"]
[WhiteElo "2259"]
[BlackElo "2465"]

1.d4 Nf6 2.c4 e6 3.Nc3 c5 4.d5 exd5 5.cxd5 d6 6.Nf3 g6 7.Bf4 a6 8.a4 Bg7
9.e4 Bg4 10.Be2 Bxf3 11.Bxf3 Qe7 12.O-O Nbd7 13.Qc2 O-O 14.a5 h5 15.h3 Rab8
16.Ra4 Rfc8 17.Be2 Ne8 18.Bc1 Nc7 19.f4 b5 20.axb6 Rxb6 21.e5 dxe5 22.f5 Rf8
23.Ne4 Nb5 24.Bxb5 axb5 25.Ra7 Qd8 26.Bg5 Qc8 27.Be7 Re8 28.Nd6 Rxd6 29.Bxd6 e4
30.fxg6 fxg6 31.Kh1 Qd8 32.Qf2 Nf6 33.Bxc5 Re5 34.Bd4 Rf5 35.Qe2 Qxd5 36.Rxf5 Qxf5
37.Rb7 Qd5 38.Rb8+ Kh7 39.Be3 Qa2 40.Rxb5 Nd5 41.Qd2 Qb1+ 42.Bg1 e3 43.Qe2 Qe4
44.Rxd5 Qxd5  1/2-1/2

[Event "XXVI Elekes Mem IM"]
[Site "Budapest HUN"]
[Date "2001.05.24"]
[Round "4"]
[White "Galyas,M"]
[Black "Orso,M"]
[Result "1/2-1/2"]
[WhiteElo "2371"]
[BlackElo "2386"]

1.d4 Nf6 2.c4 e6 3.Nf3 c5 4.d5 exd5 5.cxd5 d6 6.Nc3 g6 7.e4 Bg7 8.Be2 O-O
9.O-O Bg4 10.Bf4 Bxf3 11.Bxf3 Ne8 12.Qd2 a6 13.a4 Nd7 14.Be2 Qe7 15.Bg5 Bf6
16.Bh6 Bg7 17.Bxg7 Nxg7 18.f4 Rab8 19.Rae1 Rfe8 20.Bg4 f6 21.Bxd7 Qxd7 22.e5 f5
23.e6 Qd8 24.Rb1 Qb6 25.Ne2 c4+ 26.Kh1 Qc5 27.b4 Qa7 28.Rfc1 Rbc8 29.Qa2 Qe3
30.Rxc4 Qd3 31.Rd4 Qc2 32.Qxc2 Rxc2 33.Ng1 Rec8 34.Nf3 Nh5 35.Re1 h6 36.e7 Kf7
37.Rd2 Rxd2 38.Nxd2 Nf6 39.Nb3 Ne4 40.g4 Nf2+ 41.Kg2 Nd3 42.e8=Q+ Rxe8 43.Rxe8 Kxe8
44.gxf5 gxf5 45.Kf3 Ke7 46.b5 axb5 47.axb5 Nb4 48.Nd4 Kf6 49.b6 Nxd5 50.Nb5  1/2-1/2